000
00360nam a2200169Ia 4500
003
0100
008
130303s9999 xx 000 0 und d
040
_c
ARRUPELIB
050
_a
BS1521.K951952
100
_a
Kuist, H.T
245
_a
Jeremiah Lamentations
260
_a
London
260
_b
SCM Press LTD
260
_C
1952
300
_a
147p
942
0
0
_0
2
999
_c
54862
_d
54862